Síncope determinado por influencia de la imaginación / (Record no. 148639)

MARC details
000 -LEADER
campo de control de longitud fija 00569nam a2200169 i 4500
001 - NÚMERO DE CONTROL
campo de control 148639
003 - IDENTIFICADOR DE NÚMERO DE CONTROL
campo de control ES-MaACL
005 - FECHA Y HORA DE LA ÚLTIMA TRANSACCIÓN
campo de control 20230906202735.0
007 - CAMPO FIJO DE DESCRIPCIÓN FÍSICA--INFORMACIÓN GENERAL
campo de control de longitud fija t|
008 - DATOS DE LONGITUD FIJA--INFORMACIÓN GENERAL
campo de control de longitud fija 070214s1915 sp r ||||1| spa d
100 1# - ENTRADA PRINCIPAL--NOMBRE DE PERSONA
Nombre de persona Suárez de Figueroa y Cazeaux, José.
9 (RLIN) 108606
245 10 - MENCIÓN DEL TÍTULO
Título Síncope determinado por influencia de la imaginación /
Mención de responsabilidad, etc. José Suárez de Figueroa y Cazeaux.
260 ## - PUBLICACIÓN, DISTRIBUCIÓN, ETC.
Lugar de publicación, distribución, etc. Barcelona :
Nombre del editor, distribuidor, etc. [s. n.],
Fecha de publicación, distribución, etc. 1915 (
Fabricante Imp. de Pedro Ortega)
300 ## - DESCRIPCIÓN FÍSICA
Extensión 8 p. ;
Dimensiones 21 cm.
594 ## - Nota al título y mención de responsabilidad
Nota al título y mención de responsabilidad Precede al tít.: De clínica psiquiátrica.
852 ## - LOCALIZACIÓN
Ubicación ES-MaACL
Número de control de estantería T-1448-F-6
Holdings
Estatus retirado Estado de pérdida Estado de daño No para préstamo Colección Biblioteca de origen Biblioteca actual Ubicación en estantería Fecha de adquisición Fuente de adquisición Total de préstamos Signatura topográfica completa Código de barras Visto por última vez Precio de reemplazo Tipo de ítem Koha
        Colección de folletos Biblioteca del Ateneo de Madrid Biblioteca del Ateneo de Madrid Depósito folletos 17/01/2008     T-1448-F-6 1155113 23/02/2023 23/02/2023 Folleto